000 00745nam a2200205Ia 4500
003 GCL
005 20240530104701.0
008 140319s9999 xx 000 0 ara d
040 _aGCL /
_cGCL
082 0 4 _a811.1
_bن م
100 1 _aندى عبدالرحمن يوسف الشايع
245 1 0 _aمعجم لغه دواوين شعراء المعلقات العشر: تاصيلا ودلاله وصرفا /
_cندى عبدالرحمن يوسف الشايع
300 _a307 ص
490 _aالهيئة العامة للاستعلامات
_v0
650 0 4 _aالشعر العربى
650 0 4 _aالادب العربى
650 0 4 _aالشعر العربى - تاريخ ونقد
650 0 4 _aشعر المعلقات
942 _2ddc
_cBK
999 _c49815
_d49815